000
00307nam a2200133Ia 4500
005
20251222144644.0
008
251222s9999||||xx |||||||||||||| ||spa||
082
_a
858.14/R96
100
_a
Russo, Luigi
245
0
_a
Letture critiche del Decameron
250
_a
5a.ed.
264
_b
Laterza
942
_c
LIB
999
_c
16809
_d
16809